[Event "IBCA EU-chT blind 2nd"]
[Site "Calimanesti"]
[Date "2019.10.10"]
[Round "6.3"]
[White "Dobierzin, Olaf"]
[Black "Wassin, Sergej"]
[Result "1/2-1/2"]
[WhiteElo "2065"]
[BlackElo "2264"]
[PlyCount "34"]
[EventDate "2019.10.05"]
[EventType "team-swiss"]
[EventRounds "9"]
[EventCountry "ROU"]
[SourceTitle "CBM 192 Extra"]
[Source "Chessbase"]
[SourceDate "2019.11.06"]
[SourceVersion "1"]
[SourceVersionDate "2019.11.06"]
[SourceQuality "1"]
[WhiteTeam "Germany"]
[BlackTeam "Ukraine"]
[WhiteTeamCountry "GER"]
[BlackTeamCountry "UKR"]

1. e4 c5 2. Nf3 e6 3. d4 cxd4 4. Nxd4 a6 5. Nc3 Qc7 6. Bd3 Nf6 7. 0-0 b6 8. Qe2 d6 9. f4 Nbd7 10. a4 Bb7 11. f5 e5 12. Nf3 Be7 13. Bd2 0-0 14. Rae1 Nc5 15. Bg5 Bc6 16. Bxf6 Bxf6 17. b3 Nxd3 1/2-1/2

[Event "IBCA EU-chT blind 2nd"]
[Site "Calimanesti"]
[Date "2019.10.09"]
[Round "5.3"]
[White "Ursic, Aleksander"]
[Black "Dobierzin, Olaf"]
[Result "1-0"]
[WhiteElo "1892"]
[BlackElo "2065"]
[PlyCount "105"]
[EventDate "2019.10.05"]
[EventType "team-swiss"]
[EventRounds "9"]
[EventCountry "ROU"]
[SourceTitle "CBM 192 Extra"]
[Source "Chessbase"]
[SourceDate "2019.11.06"]
[SourceVersion "1"]
[SourceVersionDate "2019.11.06"]
[SourceQuality "1"]
[WhiteTeam "Slovenia"]
[BlackTeam "Germany"]
[WhiteTeamCountry "SLO"]
[BlackTeamCountry "GER"]

1. d4 Nf6 2. c4 g6 3. f3 Bg7 4. e4 d6 5. Nc3 0-0 6. Nge2 c6 7. Be3 a6 8. a4 a5 9. Qd2 Na6 10. g4 Nb4 11. Ng3 e5 12. d5 cxd5 13. cxd5 Ne8 14. h4 f6 15. h5 Rf7 16. Rc1 g5 17. Qf2 h6 18. Bb6 Qe7 19. Nb5 Bd7 20. Kd2 Bf8 21. Be2 Na6 22. Rc3 Rh7 23. b3 Qf7 24. Bxa5 Be7 25. Bb6 Rh8 26. Qe3 Kh7 27. Na3 Ng7 28. Bb5 Qe8 29. Rhc1 Bxb5 30. Nxb5 Qd7 31. Rc4 Rhc8 32. Nc7 Nxc7 33. Rxc7 Qe8 34. R1c4 Kg8 35. Qc3 Rcb8 36. Kc2 Bd8 37. Rc8 Rxc8 38. Rxc8 Rxc8 39. Qxc8 Bxb6 40. Qxb7 Qd8 41. b4 Qc7+ 42. Qc6 Kf7 43. Kb3 Ke7 44. a5 Qxc6 45. dxc6 Bf2 46. Ne2 Ne6 47. Kc4 Nc7 48. b5 Na8 49. Nc3 Be1 50. b6 Nxb6+ 51. axb6 Kd8 52. Nd5 Bf2 53. Kb5 1-0

[Event "GER-ch Seniors 65 31st"]
[Site "Radebeul"]
[Date "2019.05.03"]
[Round "8"]
[White "Dobierzin, Olaf"]
[Black "Falk, Thomas"]
[Result "1/2-1/2"]
[WhiteElo "1992"]
[BlackElo "2135"]
[PlyCount "42"]
[EventDate "2019.04.26"]
[EventType "swiss"]
[EventRounds "9"]
[EventCountry "GER"]
[SourceTitle "CBM 190 Extra"]
[Source "ChessBase"]
[SourceDate "2019.07.15"]
[SourceVersion "1"]
[SourceVersionDate "2019.07.15"]
[SourceQuality "1"]

1. e4 e5 2. Nf3 Nc6 3. Bb5 a6 4. Ba4 Nf6 5. 0-0 Be7 6. Re1 b5 7. Bb3 d6 8. c3 0-0 9. h3 Nb8 10. d4 Nbd7 11. Nbd2 Bb7 12. Bc2 Re8 13. Nf1 Bf8 14. Ng3 g6 15. b3 Bg7 16. d5 Qb8 17. Be3 c6 18. c4 cxd5 19. cxd5 a5 20. a4 b4 21. Bd3 Rc8 1/2-1/2

[Event "GER-ch Seniors 65 31st"]
[Site "Radebeul"]
[Date "2019.05.02"]
[Round "7"]
[White "Partenheimer, Axel"]
[Black "Dobierzin, Olaf"]
[Result "1/2-1/2"]
[WhiteElo "2182"]
[BlackElo "1992"]
[PlyCount "35"]
[EventDate "2019.04.26"]
[EventType "swiss"]
[EventRounds "9"]
[EventCountry "GER"]
[SourceTitle "CBM 190 Extra"]
[Source "ChessBase"]
[SourceDate "2019.07.15"]
[SourceVersion "1"]
[SourceVersionDate "2019.07.15"]
[SourceQuality "1"]

1. Nf3 Nf6 2. g3 g6 3. b3 Bg7 4. Bb2 0-0 5. Bg2 c5 6. c4 Nc6 7. 0-0 d6 8. d4 cxd4 9. Nxd4 Bd7 10. Nc3 a6 11. Rc1 Rb8 12. e3 Re8 13. Qd2 Qa5 14. Rfd1 Nxd4 15. Qxd4 Ng4 16. Qd5 Qxd5 17. Nxd5 Ne5 18. f4 1/2-1/2

[Event "GER-ch Seniors 65 31st"]
[Site "Radebeul"]
[Date "2019.04.28"]
[Round "3"]
[White "Boehm, Erwin"]
[Black "Dobierzin, Olaf"]
[Result "1-0"]
[WhiteElo "2155"]
[BlackElo "1992"]
[PlyCount "135"]
[EventDate "2019.04.26"]
[EventType "swiss"]
[EventRounds "9"]
[EventCountry "GER"]
[SourceTitle "CBM 190 Extra"]
[Source "ChessBase"]
[SourceDate "2019.07.15"]
[SourceVersion "1"]
[SourceVersionDate "2019.07.15"]
[SourceQuality "1"]

1. e4 c5 2. b3 g6 3. Bb2 Nf6 4. e5 Nd5 5. Bc4 Nb6 6. Bxf7+ Kxf7 7. e6+ Kg8 8. Qf3 dxe6 9. Bxh8 Kxh8 10. h4 Bg7 11. Nc3 Nc6 12. 0-0-0 e5 13. g4 Qd4 14. Nge2 Qxg4 15. Qe3 Nd4 16. h5 Qf5 17. d3 g5 18. Ng3 Qf4 19. h6 Bf6 20. Nh5 Qf3 21. Qxf3 Nxf3 22. Ne4 Nd5 23. Nxc5 Nc3 24. Rdf1 b6 25. Ne4 Nxe4 26. dxe4 Bb7 27. Ng3 g4 28. Rd1 Bc6 29. Rd3 Kg8 30. c4 Kf7 31. b4 a6 32. Kc2 Bg5 33. Kc3 Kg6 34. Rhd1 Bxh6 35. Rd8 Rxd8 36. Rxd8 Bf4 37. Rg8+ Kf7 38. Rxg4 Bd7 39. Nf5 h5 40. Rg7+ Kf6 41. Rh7 Bxf5 42. exf5 h4 43. Rh5 Bg3 44. Kd3 Bxf2 45. Ke2 Nd4+ 46. Kxf2 Nxf5 47. c5 bxc5 48. bxc5 Kg6 49. Rh8 Kg7 50. Rd8 e4 51. c6 e3+ 52. Ke2 h3 53. c7 h2 54. Rd1 Nd6 55. Kxe3 Kf7 56. Kd4 Nb5+ 57. Kc5 Nxc7 58. Rh1 Ke6 59. Rxh2 Kf7 60. Rd2 Ke6 61. a4 Ke5 62. Re2+ Kf6 63. Kb6 Nd5+ 64. Kxa6 Nc3 65. Rf2+ Ke5 66. a5 Kd6 67. Rd2+ Kc5 68. Rc2 1-0

[Event "IBCA Wch blind 14th"]
[Site "Cagliari"]
[Date "2019.04.09"]
[Round "4"]
[White "Mueller, Oliver"]
[Black "Dobierzin, Olaf"]
[Result "1/2-1/2"]
[WhiteElo "2253"]
[BlackElo "1992"]
[PlyCount "144"]
[EventDate "2019.04.06"]
[EventType "swiss"]
[EventRounds "9"]
[EventCountry "ITA"]
[SourceTitle "CBM 189 Extra"]
[Source "ChessBase"]
[SourceDate "2019.06.03"]
[SourceVersion "1"]
[SourceVersionDate "2019.06.03"]
[SourceQuality "1"]

1. d4 Nf6 2. c4 g6 3. Nf3 Bg7 4. g3 0-0 5. Bg2 d6 6. 0-0 c6 7. Nc3 Qa5 8. h3 e5 9. e4 Nbd7 10. d5 cxd5 11. cxd5 a6 12. a3 b5 13. Be3 Qd8 14. Nd2 Nb6 15. Qe2 Bd7 16. Rac1 Rc8 17. Na2 Nc4 18. Nxc4 bxc4 19. Qd2 Bb5 20. Rfe1 Nd7 21. Qb4 Nc5 22. Bxc5 Rxc5 23. a4 a5 24. Qa3 Ba6 25. b4 axb4 26. Nxb4 Bb7 27. Bf1 Qc7 28. Rc3 Bh6 29. Qa2 Qa5 30. Rb1 Ra8 31. Rxc4 Rxc4 32. Qxc4 Qxa4 33. Qc7 Bc8 34. Qxd6 Bf8 35. Qb6 Bxb4 36. Rxb4 Qc2 37. Qd8+ Kg7 38. Qd6 Qc3 39. Rc4 Qa1 40. Qc7 Ba6 41. Rc1 Qd4 42. Bxa6 Rxa6 43. Qc4 Ra1 44. Qf1 Rxc1 45. Qxc1 Qxe4 46. d6 Qd4 47. Qc6 e4 48. d7 e3 49. fxe3 Qxe3+ 50. Kf1 Qd3+ 51. Ke1 Qxg3+ 52. Kd2 Qf2+ 53. Kd3 Qf1+ 54. Kd4 Qf4+ 55. Kc5 Qe3+ 56. Kb5 Qb3+ 57. Ka6 Qb8 58. Qc8 Qd6+ 59. Kb5 Qd5+ 60. Kb6 Qd6+ 61. Kb7 Qb4+ 62. Kc6 Qa4+ 63. Kd5 Qb5+ 64. Kd4 Qb4+ 65. Qc4 Qd6+ 66. Qd5 Qb4+ 67. Kd3 Qb1+ 68. Ke2 Qb2+ 69. Kf1 Qf6+ 70. Ke2 Qb2+ 71. Ke3 Qc3+ 72. Qd3 Qe5+ 1/2-1/2

[Event "IBCA Wch blind 14th"]
[Site "Cagliari"]
[Date "2019.04.06"]
[Round "1"]
[White "Dobierzin, Olaf"]
[Black "L`Herbon De Lussats, Jean"]
[Result "1-0"]
[WhiteElo "1992"]
[BlackElo "1312"]
[PlyCount "75"]
[EventDate "2019.04.06"]
[EventType "swiss"]
[EventRounds "9"]
[EventCountry "ITA"]
[SourceTitle "CBM 189 Extra"]
[Source "ChessBase"]
[SourceDate "2019.06.03"]
[SourceVersion "1"]
[SourceVersionDate "2019.06.03"]
[SourceQuality "1"]

1. e4 c5 2. Nf3 Nc6 3. d4 cxd4 4. Nxd4 e6 5. Nc3 Bc5 6. Nb3 Bb6 7. Be2 Nge7 8. 0-0 0-0 9. Kh1 d5 10. exd5 exd5 11. Bg5 d4 12. Ne4 Qc7 13. Bd3 Bf5 14. Qf3 Ne5 15. Qg3 Bg6 16. Bf4 Nf5 17. Qh3 Qe7 18. Rae1 Qh4 19. Qxh4 Nxh4 20. Bxe5 Rad8 21. Bf4 Nf5 22. Ng3 Nd6 23. Re7 f5 24. Bxd6 Rxd6 25. a4 Re8 26. Rxe8+ Bxe8 27. Nxf5 Rd7 28. Re1 Bf7 29. Re7 Rd8 30. a5 g6 31. Nh6+ Kf8 32. Rxf7+ Ke8 33. Bb5+ Rd7 34. Bxd7+ Kd8 35. axb6 axb6 36. Nxd4 Kc7 37. Nb5+ Kb8 38. Rf8# 1-0

[Event "GER-ch Seniors 65"]
[Site "Hamburg"]
[Date "2018.07.28"]
[Round "8"]
[White "Bocionek, Dieter"]
[Black "Dobierzin, Olaf"]
[Result "0-1"]
[WhiteElo "1881"]
[BlackElo "2003"]
[PlyCount "102"]
[EventDate "2018.07.21"]
[EventType "swiss"]
[EventRounds "9"]
[EventCountry "GER"]
[SourceTitle "CBM 186 Extra"]
[Source "ChessBase"]
[SourceDate "2018.08.24"]
[SourceVersion "1"]
[SourceVersionDate "2018.08.24"]
[SourceQuality "1"]

1. d4 Nf6 2. Nc3 d5 3. Bg5 Nbd7 4. Nf3 c6 5. e3 g6 6. Bd3 Bg7 7. 0-0 0-0 8. Ne2 Re8 9. c3 h6 10. Bxf6 Bxf6 11. Ng3 e5 12. dxe5 Nxe5 13. Nxe5 Bxe5 14. Qc2 Bg7 15. Rae1 Be6 16. a3 c5 17. Rd1 Qb6 18. h3 d4 19. c4 dxe3 20. fxe3 Qxb2 21. Qa4 Qe5 22. Rf3 Red8 23. Qc2 Qc3 24. Qxc3 Bxc3 25. Ne4 Bxc4 26. Nxc3 Rxd3 27. Rc1 b6 28. Rf4 Be6 29. Kf2 Rad8 30. a4 Rd2+ 31. Kg3 Rb2 32. Rff1 Rdd2 33. Rg1 Rbc2 34. Nb5 Rxg2+ 35. Rxg2 Rxc1 36. Nxa7 c4 37. Nb5 c3 38. Nd4 Bd5 39. Rf2 Be4 40. Kf4 f5 41. Ke5 Kf7 42. Ra2 Rb1 43. a5 bxa5 44. Rxa5 c2 45. Ra7+ Ke8 46. Kf6 c1Q 47. Re7+ Kd8 48. Ne6+ Kc8 49. Re8+ Kb7 50. Re7+ Kb6 51. Nd4 Qxe3 0-1

[Event "GER-ch Seniors 65+ 30th"]
[Site "Hamburg"]
[Date "2018.07.24"]
[Round "4"]
[White "Kierzek, Matthias"]
[Black "Dobierzin, Olaf"]
[Result "1-0"]
[WhiteElo "2247"]
[BlackElo "2003"]
[PlyCount "85"]
[EventDate "2018.07.21"]
[EventType "swiss"]
[EventRounds "9"]
[EventCountry "GER"]
[SourceTitle "EXT 2020"]
[Source "ChessBase"]
[SourceDate "2019.10.17"]
[SourceVersion "1"]
[SourceVersionDate "2019.10.17"]
[SourceQuality "1"]

1. d4 Nf6 2. c4 g6 3. Nc3 Bg7 4. e4 d6 5. Be2 0-0 6. Bg5 c5 7. d5 e6 8. Nf3 exd5 9. cxd5 a6 10. a4 Bg4 11. 0-0 Bxf3 12. Bxf3 Nbd7 13. Qd2 b6 14. Be2 Qc7 15. b3 Rfe8 16. Qc2 Qb7 17. Bf4 Ne5 18. Bd2 Rac8 19. Kh1 c4 20. b4 Ned7 21. Rab1 b5 22. a5 h5 23. h3 Re7 24. f4 Rce8 25. Bf3 Qb8 26. Be1 Bh6 27. Bg3 h4 28. Bh2 Nh7 29. Rbd1 g5 30. Bg4 gxf4 31. Bxd7 Rxd7 32. Bxf4 Bg7 33. e5 Bxe5 34. Qf5 Ree7 35. Bxe5 dxe5 36. Ne4 Qd8 37. d6 Re6 38. Nc5 Rdxd6 39. Nxe6 fxe6 40. Qg6+ Kh8 41. Rxd6 Qxd6 42. Rf7 Qd1+ 43. Kh2 1-0

[Event "GER-chT Seniors 26th"]
[Site "Templin"]
[Date "2017.09.28"]
[Round "4.2"]
[White "Selig, Rainer"]
[Black "Dobierzin, Olaf"]
[Result "0-1"]
[WhiteElo "2096"]
[BlackElo "2001"]
[PlyCount "82"]
[EventDate "2017.09.25"]
[EventType "team-swiss"]
[EventRounds "7"]
[EventCountry "GER"]
[SourceTitle "EXT 2019"]
[Source "ChessBase"]
[SourceDate "2018.10.10"]
[SourceVersion "1"]
[SourceVersionDate "2018.10.10"]
[SourceQuality "1"]
[WhiteTeam "Sachsen II"]
[BlackTeam "Blindenschachbund"]
[WhiteTeamCountry "GER"]
[BlackTeamCountry "GER"]

1. d4 Nf6 2. Nf3 g6 3. c4 Bg7 4. Nc3 0-0 5. e4 d6 6. h3 e5 7. Be3 exd4 8. Nxd4 Re8 9. Qc2 c6 10. Be2 Qe7 11. Bf3 Nbd7 12. Nb3 Nc5 13. Nd2 a5 14. 0-0 Nfd7 15. g3 Ne5 16. Bg2 Ned3 17. Rad1 Qf6 18. Ndb1 Ne5 19. Qe2 Qe7 20. f4 Ned7 21. Qd2 f5 22. Qxd6 Qxd6 23. Rxd6 Nxe4 24. Nxe4 fxe4 25. Rfd1 Nf8 26. Bd4 Be6 27. Bxg7 Kxg7 28. b3 a4 29. Nd2 axb3 30. axb3 e3 31. Nf3 Bf5 32. Nd4 Be4 33. Re1 Bxg2 34. Kxg2 c5 35. Ne2 Ra2 36. Kf3 Rb2 37. Rb6 Re7 38. Nc3 Ne6 39. Nd5 Nd4+ 40. Kg4 h5+ 41. Kg5 Nf3# 0-1

[Event "GER-ch 88th"]
[Site "Apolda"]
[Date "2017.07.01"]
[Round "9"]
[White "Bussard, Christian"]
[Black "Dobierzin, Olaf"]
[Result "1-0"]
[WhiteElo "2251"]
[BlackElo "2020"]
[PlyCount "143"]
[EventDate "2017.06.23"]
[EventType "swiss"]
[EventRounds "9"]
[EventCountry "GER"]
[SourceTitle "CBM 179 Extra"]
[Source "ChessBase"]
[SourceDate "2017.08.23"]
[SourceVersion "1"]
[SourceVersionDate "2017.08.23"]
[SourceQuality "1"]

1. d4 Nf6 2. c4 g6 3. Nc3 Bg7 4. Nf3 0-0 5. e4 d6 6. Be2 e5 7. 0-0 Nbd7 8. Qc2 Re8 9. dxe5 dxe5 10. Rd1 c6 11. b3 Qc7 12. Nd2 Nc5 13. Ba3 Bf8 14. Nf3 Bg4 15. Ng5 Bxe2 16. Qxe2 h6 17. Qf3 Kg7 18. Nh3 Ne6 19. Bc1 Be7 20. Ne2 Rad8 21. Bb2 Rxd1+ 22. Rxd1 Rd8 23. Ng3 Nd4 24. Bxd4 exd4 25. Nf4 Qa5 26. Qe2 Bd6 27. Nd3 Bxg3 28. hxg3 Re8 29. f3 Qc7 30. Qf2 c5 31. g4 Nd7 32. Qd2 b6 33. Qf4 Qxf4 34. Nxf4 Ne5 35. Kf2 Nc6 36. Rd2 Ne5 37. Re2 Re7 38. Ke1 Rd7 39. Rd2 Nc6 40. Kd1 Ne5 41. Kc2 Re7 42. Kb2 Rd7 43. Ka3 b5 44. cxb5 c4 45. Nd5 c3 46. Rxd4 Rd8 47. f4 Nxg4 48. Rc4 c2 49. Rxc2 f5 50. Rc7+ Kf8 51. Nc3 fxe4 52. Nxe4 Re8 53. Nd6 Re7 54. Rxe7 Kxe7 55. Nc8+ Kd7 56. Nxa7 Ne3 57. g3 Nf5 58. Nc6 Nxg3 59. Ne5+ Kc7 60. Nxg6 Nf5 61. Kb4 h5 62. a4 h4 63. Nxh4 Nxh4 64. Kc5 Nf5 65. Kd5 Kd7 66. a5 Kc7 67. b4 Ne7+ 68. Ke6 Ng6 69. f5 Nf4+ 70. Kf7 Nd5 71. f6 Kd7 72. Kg7 1-0

[Event "GER-ch 88th"]
[Site "Apolda"]
[Date "2017.06.30"]
[Round "8"]
[White "Dobierzin, Olaf"]
[Black "Schmitt, Philipp"]
[Result "0-1"]
[WhiteElo "2020"]
[BlackElo "2174"]
[PlyCount "62"]
[EventDate "2017.06.23"]
[EventType "swiss"]
[EventRounds "9"]
[EventCountry "GER"]
[SourceTitle "CBM 179 Extra"]
[Source "ChessBase"]
[SourceDate "2017.08.23"]
[SourceVersion "1"]
[SourceVersionDate "2017.08.23"]
[SourceQuality "1"]

1. e4 e6 2. d4 d5 3. e5 c5 4. c3 Qb6 5. Nf3 Nc6 6. a3 Nh6 7. b4 cxd4 8. cxd4 Nf5 9. Be3 f6 10. exf6 gxf6 11. Bd3 Nxe3 12. fxe3 Bd7 13. 0-0 Bh6 14. Qe2 0-0-0 15. Nc3 Kb8 16. Kh1 Rc8 17. Na4 Qc7 18. Nc5 Qd6 19. Rfc1 Rc7 20. Rc3 e5 21. Nxd7+ Rxd7 22. Bf5 Rc7 23. Qc2 e4 24. Rc1 exf3 25. b5 Nxd4 26. exd4 Bxc1 27. Qxc1 Rxc3 28. Qxc3 fxg2+ 29. Kxg2 Rg8+ 30. Kh1 Qf4 31. Bh3 Qe4+ 0-1

[Event "Leipzig VfB op 24th"]
[Site "Leipzig"]
[Date "2017.03.25"]
[Round "9"]
[White "Dobierzin, Olaf"]
[Black "Oltzen, Samuel David"]
[Result "1/2-1/2"]
[WhiteElo "2034"]
[BlackElo "1853"]
[PlyCount "142"]
[EventDate "2017.03.21"]
[EventType "swiss"]
[EventRounds "9"]
[EventCountry "GER"]
[SourceTitle "EXT 2018"]
[Source "ChessBase"]
[SourceDate "2017.10.13"]
[SourceVersion "1"]
[SourceVersionDate "2017.10.13"]
[SourceQuality "1"]

1. e4 c5 2. Nf3 d6 3. d4 cxd4 4. Nxd4 Nf6 5. Nc3 a6 6. Be2 e5 7. Nb3 Be7 8. 0-0 0-0 9. Be3 Be6 10. f4 exf4 11. Rxf4 Nbd7 12. Nd4 Ne5 13. Nf5 Bxf5 14. Rxf5 Qd7 15. Rf1 Rac8 16. Kh1 Nc4 17. Bxc4 Rxc4 18. Qd3 Rfc8 19. Rad1 Qe6 20. Bd4 Nd7 21. Qg3 Ne5 22. Nd5 Rxc2 23. Bc3 Kf8 24. Ne3 R2xc3 25. bxc3 Rxc3 26. Rc1 Ra3 27. Qf4 Rxa2 28. Qf5 Qxf5 29. Nxf5 Nc6 30. h3 g6 31. Nxe7 Kxe7 32. Rb1 b5 33. Rbc1 Ne5 34. Rc7+ Ke6 35. Rb7 Re2 36. Ra1 Rxe4 37. Rxa6 Re1+ 38. Kh2 Rb1 39. Rab6 Rb2 40. Rxb5 Rd2 41. Kg3 h5 42. Rb2 Rd4 43. R7b4 Rd3+ 44. Kh2 d5 45. Rb6+ Kf5 46. Rf2+ Kg5 47. Re2 Nc4 48. Rb7 f6 49. Re6 Nd2 50. Rb5 Kf5 51. Re8 Ne4 52. Rd8 Ke5 53. Re8+ Kf4 54. Rd8 d4 55. Rbd5 Ke3 56. Re8 Rd1 57. Rd6 d3 58. Rxf6 d2 59. Rf3+ Kd4 60. Rd8+ Kc4 61. Re3 Nf2 62. Kg3 Nh1+ 63. Kh2 h4 64. Rxd2 Rxd2 65. Kxh1 Kd5 66. Kg1 Ra2 67. Kf1 g5 68. Re8 Ra3 69. Kf2 Rg3 70. Re7 Kd4 71. Re8 Kd5 1/2-1/2